000 00513 a2200169 4500
005 20250621083353.0
020 _a978-0-7-308006-2
082 _a658.84 CAT
100 _aCATEORA, P. R.
245 _aInternational Marketing
250 _a13th Ed.
260 _aBoston,
_bMcGraw-Hill,
_c2007.
300 _axxxii, 701p.: ill., picture, table, map, figure,
_bGlossary & index,
_c28cm.
700 _aGRAHAM, J. L.
856 _yAccess Online Book
_fInternational Marketing
_dwww.mhhe.com
942 _2ddc
_cBKS
999 _c1226
_d1226